00702nam a2200205 a 450000100060000000300080000600500170001400800410003103500190007204000320009104100080012308200250013110000310015624500370018724600340022426000320025830000170029050501590030760000300046622233BD-RjUL20220929114518.0140306s1963 enk 000 1aeng d a(BD-RjUL)22233 aOCAcOCAdOCLdBD-RjULbeng aeng04a821.14bOCA V-1 19631 aO'Casey, Sean,d1880-1964.10aAutobiographies /cSean O'Casey. aSean O'Casey Autobiographies  aLondon :bMacmillan,c1963. av. ;c17 cm. aVol.1 I knock at the door. Pictures in the hallway. Drums under the windows -- V. 2 Inishfallen, fare thee well. Rose and crown. Sunset and evening star--10aO'Casey, Sean,d1880-1964